Belgische bieren - Statistieken

Algemene statistieken
  • Deze quiz is 449 keer genomen
  • De gemiddelde score is 11 van 16
Antwoordstatistieken
Foto Antwoord % Correct
Jupiler
98%
Leffe
87%
Stella Artois
87%
Karmeliet
80%
Cara
77%
Duvel
74%
Grimbergen
74%
Westmalle
71%
Chimay
69%
Maes
69%
Kwak
64%
Hoegaarden
60%
Palm
57%
Omer
50%
Affligem
38%
Piedbœuf
36%
Geen overeenkomende quizzen gevonden
Scoreverdeling
Procent van Mensen met Elke Score
Percentiel versus Aantal Correcte Antwoorden
Uw Scoregeschiedenis
U heeft deze quiz nog niet genomen